| 000 | 00373pab a2200157 454500 | ||
|---|---|---|---|
| 008 | 180718b2013 xxu||||| |||| 00| 0 eng d | ||
| 100 | _aSinha, Archana | ||
| 245 | _aRecent trends and problems in micro - finance | ||
| 260 | _c2013 | ||
| 300 | _ap.31-34. | ||
| 362 | _aDec | ||
| 650 | _aAgricultural credit | ||
| 773 | _aKurukshetra | ||
| 908 | _aN | ||
| 909 | _a103225 | ||
| 999 |
_c103221 _d103221 |
||